<?xml version="1.0" encoding="UTF-8"?>
<collection xmlns="http://www.loc.gov/MARC21/slim">
<record>
  <controlfield tag="001">109213</controlfield>
  <controlfield tag="005">20220104094600.0</controlfield>
  <datafield tag="037" ind1=" " ind2=" ">
    <subfield code="a">TAZ-TFG-2021-4539</subfield>
  </datafield>
  <datafield tag="041" ind1=" " ind2=" ">
    <subfield code="a">spa</subfield>
  </datafield>
  <datafield tag="100" ind1="1" ind2=" ">
    <subfield code="a">Zabal Gemas, Alejandro</subfield>
  </datafield>
  <datafield tag="242" ind1="0" ind2="0">
    <subfield code="a">Enzymes as adjuvants in olive oil extraction</subfield>
  </datafield>
  <datafield tag="245" ind1="0" ind2="0">
    <subfield code="a">Uso de enzimas como coadyuvantes en la extracción de aceite de oliva</subfield>
  </datafield>
  <datafield tag="260" ind1=" " ind2=" ">
    <subfield code="a">Zaragoza</subfield>
    <subfield code="b">Universidad de Zaragoza</subfield>
    <subfield code="c">2021</subfield>
  </datafield>
  <datafield tag="500" ind1=" " ind2=" ">
    <subfield code="a">Resumen disponible también en inglés</subfield>
  </datafield>
  <datafield tag="506" ind1=" " ind2=" ">
    <subfield code="a">by-nc-sa</subfield>
    <subfield code="b">Creative Commons</subfield>
    <subfield code="c">3.0</subfield>
    <subfield code="u">http://creativecommons.org/licenses/by-nc-sa/3.0/</subfield>
  </datafield>
  <datafield tag="520" ind1=" " ind2=" ">
    <subfield code="a">En la actualidad, los únicos coadyuvantes autorizados en España para la extracción de aceite de oliva son el microtalco y las arcillas caoliníticas. El uso de enzimas que rompen la estructura vegetal facilitando la extracción de aceite y, mejorando el rendimiento de la extracción se está investigando. Por éllo resulta necesario realizar una revisión bibliográfica para conocer el efecto tanto en la extracción, como en la calidad de los aceites, así como comprobar en la práctica estos aspectos.&lt;br />El objetivo de este trabajo fue conocer la influencia de la aplicación de los enzimas pectolíticos y celulósicos en el proceso de obtención de aceite de oliva.&lt;br />Para éllo, se realizó una revisión bibliográfica con el fin de obtener información del efecto en el rendimiento de extracción, en la calidad y la situación actual de estos enzimas.&lt;br />En cuanto al ensayo experimental, se analizó el efecto en el rendimiento de extracción de aceites de oliva al incorporar enzimas pectolíticos y celulósicos a diferentes concentraciones frente a controles con ausencia de enzima. Se realizaron extracciones de aceite con un equipo Abencor y determinaciones de humedad y grasa con una estufa y un equipo Soxhlet, respectivamente. Además, se determinó el rendimiento industrial o rendimiento graso sobre materia húmeda.&lt;br />Con todo ello  se comprobó que el uso de enzimas pectolíticos y celulósicos como coadyuvante de extracción de aceite de oliva incrementa los rendimientos de extracción. Por otra parte, los aceites obtenidos al añadir una mezcla de enzimas hidrolíticos aumentan la calidad, tanto nutricional como organoléptica. En algunos casos se observa una disminución del % de acidez y del índice de peróxidos y un aumento en el contenido de compuestos fenólicos, en la estabilidad oxidativa y de los atributos sensoriales picantes o afrutados. También se observó un aumento del rendimiento de extracción en el ensayo experimental.&lt;br />&lt;br /></subfield>
  </datafield>
  <datafield tag="521" ind1=" " ind2=" ">
    <subfield code="a">Graduado en Ciencia y Tecnología de los Alimentos</subfield>
  </datafield>
  <datafield tag="540" ind1=" " ind2=" ">
    <subfield code="a">Derechos regulados por licencia Creative Commons</subfield>
  </datafield>
  <datafield tag="700" ind1=" " ind2=" ">
    <subfield code="a">Sánchez Gimeno, Ana Cristina</subfield>
    <subfield code="e">dir.</subfield>
  </datafield>
  <datafield tag="710" ind1="2" ind2=" ">
    <subfield code="a">Universidad de Zaragoza</subfield>
    <subfield code="b">Producción Animal y Ciencia de los Alimentos</subfield>
    <subfield code="c">Tecnología de Alimentos</subfield>
  </datafield>
  <datafield tag="856" ind1="0" ind2=" ">
    <subfield code="f">755470@unizar.es</subfield>
  </datafield>
  <datafield tag="856" ind1="4" ind2=" ">
    <subfield code="s">1227938</subfield>
    <subfield code="u">http://zaguan.unizar.es/record/109213/files/TAZ-TFG-2021-4539.pdf</subfield>
    <subfield code="y">Memoria (spa)</subfield>
  </datafield>
  <datafield tag="909" ind1="C" ind2="O">
    <subfield code="o">oai:zaguan.unizar.es:109213</subfield>
    <subfield code="p">driver</subfield>
    <subfield code="p">trabajos-fin-grado</subfield>
  </datafield>
  <datafield tag="950" ind1=" " ind2=" ">
    <subfield code="a"></subfield>
  </datafield>
  <datafield tag="980" ind1=" " ind2=" ">
    <subfield code="a">TAZ</subfield>
    <subfield code="b">TFG</subfield>
    <subfield code="c">VET</subfield>
  </datafield>
  <datafield tag="999" ind1=" " ind2=" ">
    <subfield code="a">20211119121703.CREATION_DATE</subfield>
  </datafield>
  <datafield tag="951" ind1=" " ind2=" ">
    <subfield code="a">deposita:2022-01-04</subfield>
  </datafield>
</record>
</collection>